| 000 | 00372nam a22001577a 4500 | ||
|---|---|---|---|
| 003 | OSt | ||
| 008 | 230221b |||||||| |||| 00| 0 eng d | ||
| 041 | _amal | ||
| 082 |
_a894.8122 _bGIR/OT |
||
| 100 |
_aGirish Gramika _95377 |
||
| 245 |
_aOttamuri _bഒറ്റമുറി |
||
| 250 | _a1st | ||
| 260 |
_aPayyanur _bDecember books _c2016 |
||
| 300 | _a111 | ||
| 942 | _cBK | ||
| 999 |
_c17620 _d17620 |
||